000 00438nam a22001697a 4500
005 20180206123945.0
008 160428b xxu||||| |||| 00| 0 eng d
020 _a978-81-905560-5-7
041 _aeng
082 _b00677
_a0058.36
100 _aMonsoor, A.
_9185
245 _aIlluminating Microsoft Office XP
260 _aMathura
_bPragya Publ. Pvt. Ltd.
_c2008
300 _a352
650 _aInformation Technology
_9137
942 _cBK
999 _c196
_d196